Online
Catalog

Construyendo alianzas estratégicas para el desarrollo : (Record no. 3028)

MARC details
000 -CABECERA
campo de control de longitud fija 01925nam a2200409 u 4500
001 - NÚMERO DE CONTROL
campo de control 000003197
003 - IDENTIFICADOR DEL NÚMERO DE CONTROL
campo de control DO-SdBNP
005 - FECHA Y HORA DE LA ÚLTIMA TRANSACCIÓN
campo de control 20220304100042.0
008 - DATOS DE LONGITUD FIJA--INFORMACIÓN GENERAL
campo de control de longitud fija 090707s2005 dr 000 0 spa d
020 ## - NÚMERO INTERNACIONAL ESTÁNDAR DEL LIBRO
Número Internacional Estándar del Libro 9993487988
040 ## - FUENTE DE LA CATALOGACIÓN
Centro catalogador/agencia de origen DO-SdBNP
Lengua de catalogación spa
Centro/agencia transcriptor BNPHU
082 #4 - NÚMERO DE LA CLASIFICACIÓN DECIMAL DEWEY
Número de clasificación 330.97293
Número de documento/Ítem C758a
Número de edición 22
245 00 - MENCIÓN DE TÍTULO
Título Construyendo alianzas estratégicas para el desarrollo :
Resto del título República Dominicana - Estado de Nueva Yok /
Mención de responsabilidad, etc. edición María Elizabeth Rodríguez, Ramona Hernández ; prólogo Dr. Leonel Fernández.
260 ## - PUBLICACIÓN, DISTRIBUCIÓN, ETC.
Lugar de publicación, distribución, etc. Santo Domingo :
Nombre del editor, distribuidor, etc. Fundación Global Democracia y Desarrollo,
Fecha de publicación, distribución, etc. 2005.
300 ## - DESCRIPCIÓN FÍSICA
Extensión 412 p. :
Otras características físicas il.; graf. ;
Dimensiones 28 cm.
500 ## - NOTA GENERAL
Nota general Incluye índice de contenido.
504 ## - NOTA DE BIBLIOGRAFÍA, ETC.
Nota de bibliografía, etc. Incluye referencias bibliográficas y notas al pie de las páginas.
504 ## - NOTA DE BIBLIOGRAFÍA, ETC.
Nota de bibliografía, etc. Incluye bibliografía al final de los capítulos.
590 ## - NOTA LOCAL (RLIN)
Nota local Inventariado, 2018/ YL
650 #4 - PUNTO DE ACCESO ADICIONAL DE MATERIA--TÉRMINO DE MATERIA
Término de materia o nombre geográfico como elemento de entrada Dominicanos en Nueva York
9 (RLIN) 10100
651 #4 - PUNTO DE ACCESO ADICIONAL DE MATERIA--NOMBRE GEOGRÁFICO
Nombre geográfico República Dominicana
Subdivisión general Emigración e inmigración
-- Aspectos sociales
9 (RLIN) 9361
651 #4 - PUNTO DE ACCESO ADICIONAL DE MATERIA--NOMBRE GEOGRÁFICO
Nombre geográfico Nueva York (Estado)
Subdivisión general Emigración e inmigración
-- Aspectos sociales
9 (RLIN) 10101
651 #4 - PUNTO DE ACCESO ADICIONAL DE MATERIA--NOMBRE GEOGRÁFICO
Nombre geográfico República Dominicana
Subdivisión general Emigración e inmigración
-- Aspectos sociales
9 (RLIN) 9361
651 #4 - PUNTO DE ACCESO ADICIONAL DE MATERIA--NOMBRE GEOGRÁFICO
Nombre geográfico Nueva York (Estado)
Subdivisión general Emigración e inmigración
-- Aspectos económicos
9 (RLIN) 10102
651 #4 - PUNTO DE ACCESO ADICIONAL DE MATERIA--NOMBRE GEOGRÁFICO
Nombre geográfico República Dominicana
Subdivisión general Emigración e inmigración
-- Aspectos económicos
9 (RLIN) 9359
651 #4 - PUNTO DE ACCESO ADICIONAL DE MATERIA--NOMBRE GEOGRÁFICO
Nombre geográfico República Dominicana
Subdivisión general Condiciones económicas
Subdivisión cronológica 1961-
9 (RLIN) 7344
651 #4 - PUNTO DE ACCESO ADICIONAL DE MATERIA--NOMBRE GEOGRÁFICO
Nombre geográfico República Dominicana
Subdivisión general Condiciones sociales
Subdivisión cronológica 1961-
9 (RLIN) 7345
700 12 - PUNTO DE ACCESO ADICIONAL--NOMBRE DE PERSONA
Nombre de persona Rodríguez, María Elizabeth
Término indicativo de función/relación ed.
9 (RLIN) 8348
700 12 - PUNTO DE ACCESO ADICIONAL--NOMBRE DE PERSONA
Nombre de persona Hernández, Ramona
Término indicativo de función/relación ed.
9 (RLIN) 10103
700 12 - PUNTO DE ACCESO ADICIONAL--NOMBRE DE PERSONA
Nombre de persona Abreu, Michelle
Término indicativo de función/relación trad.
9 (RLIN) 10104
700 12 - PUNTO DE ACCESO ADICIONAL--NOMBRE DE PERSONA
Nombre de persona Fernández, Manuel
Término indicativo de función/relación trad.
9 (RLIN) 10105
700 12 - PUNTO DE ACCESO ADICIONAL--NOMBRE DE PERSONA
Nombre de persona Fernández, Marta
Término indicativo de función/relación trad.
9 (RLIN) 10106
700 12 - PUNTO DE ACCESO ADICIONAL--NOMBRE DE PERSONA
Nombre de persona Reinhol, Gloria
Término indicativo de función/relación trad.
9 (RLIN) 10107
700 12 - PUNTO DE ACCESO ADICIONAL--NOMBRE DE PERSONA
Nombre de persona Saneaux, Sully
Término indicativo de función/relación trad.
9 (RLIN) 10108
910 ## - DATOS DE OPCIÓN DEL USUARIO (OCLC)
Datos de opción del usuario Validado. Control de calidad MFF
942 ## - ELEMENTOS DE PUNTO DE ACCESO ADICIONAL (KOHA)
Fuente del sistema de clasificación o colocación Dewey Decimal Classification
Tipo de ítem Koha Libro
Holdings
Estado de retiro Estado de pérdida Fuente del sistema de clasificación o colocación No para préstamo Código de colección Localización permanente Ubicación/localización actual Ubicación en estantería Fecha de adquisición Fuente de adquisición Total de préstamos Signatura topográfica completa Código de barras Fecha visto por última vez Número de copia Precio válido a partir de Tipo de ítem Koha Nota pública Restricciones de uso
    Dewey Decimal Classification Préstamo en sala Dominicana de Servicio Biblioteca Nacional Pedro Henríquez Ureña Biblioteca Nacional Pedro Henríquez Ureña Depósito 07.07.2009 Deposito Legal   BNPHU DS 330.97293 C758a 3197-30 25.06.2020 e.3 25.06.2020 Libro S/A  
  Extraviado Dewey Decimal Classification Préstamo en sala Dominicana de Servicio Biblioteca Nacional Pedro Henríquez Ureña Biblioteca Nacional Pedro Henríquez Ureña Extraviado 07.07.2009 Deposito Legal   BNPHU DS 330.97293 C758a 3197-40 25.06.2020 e.4 25.06.2020 Libro S/A  
  Extraviado Dewey Decimal Classification Préstamo en sala Dominicana de Servicio Biblioteca Nacional Pedro Henríquez Ureña Biblioteca Nacional Pedro Henríquez Ureña Extraviado 07.07.2009 Deposito Legal   BNPHU DS 330.97293 C758a 3197-50 25.06.2020 e.5 25.06.2020 Libro S/A  
    Dewey Decimal Classification   Patrimonio Dominicano Biblioteca Nacional Pedro Henríquez Ureña Biblioteca Nacional Pedro Henríquez Ureña Depósito 07.07.2009 Deposito Legal   BNPHU PD 330.97293 C758a 3197-10 25.06.2020   25.06.2020 Libro S/A Préstamo restringido
    Dewey Decimal Classification   Patrimonio Dominicano Biblioteca Nacional Pedro Henríquez Ureña Biblioteca Nacional Pedro Henríquez Ureña Depósito 07.07.2009 Deposito Legal   BNPHU PD 330.97293 C758a 3197-20 25.06.2020 e.2 25.06.2020 Libro S/A Préstamo restringido

Powered by Koha